Growth Without Inflation (Record no. 522529)

000 -LEADER
fixed length control field 00288nam a22000977a 4500
082 ## - DEWEY DECIMAL CLASSIFICATION NUMBER
Classification number TNC
100 ## - MAIN ENTRY--PERSONAL NAME
Personal name National council of applied economic research
9 (RLIN) 37728
245 ## - TITLE STATEMENT
Title Growth Without Inflation
260 ## - PUBLICATION, DISTRIBUTION, ETC. (IMPRINT)
Place of publication, distribution, etc New Delhi
Name of publisher, distributor, etc National council of applied economic research
Date of publication, distribution, etc 1965
300 ## - PHYSICAL DESCRIPTION
Extent 148p.
Holdings
Withdrawn status Lost status Source of classification or shelving scheme Damaged status Koha normalized classification for sorting Not for loan Permanent location Current location Date acquired Full call number Barcode Date last seen Price effective from Koha item type
        TNC   Indian Institute of Public Administration Indian Institute of Public Administration 2023-04-19 TNC GR24242 2023-04-19 2023-04-19 GR

Powered by Koha